Conversão decimal rápida para binário - Statistics

Estatísticas Gerais
  • Esse quiz foi jogado 66 vezes
  • A pontuação média é 9 de 20
Estatísticas das Respostas
decimal binário % Correto
20 10100
73%
1 1
70%
35 100011
67%
9 1001
67%
4 100
63%
8 1000
63%
11 1011
60%
5 101
56%
14 1110
55%
2 10
50%
46 101110
50%
3 11
50%
63 111111
50%
7 111
47%
23 10111
45%
12 1100
45%
55 110111
40%
15 1111
40%
62 111110
40%
16 10000
38%
18 10010
38%
42 101010
38%
17 10001
33%
34 100010
33%
19 10011
33%
51 110011
33%
13 1101
33%
10 1010
31%
6 110
29%
52 110100
29%
33 100001
25%
43 101011
25%
24 11000
25%
28 11100
25%
57 111001
25%
22 10110
23%
56 111000
20%
21 10101
17%
60 111100
17%
36 100100
14%
32 100000
0%
37 100101
0%
38 100110
0%
39 100111
0%
40 101000
0%
41 101001
0%
44 101100
0%
45 101101
0%
47 101111
0%
48 110000
0%
49 110001
0%
25 11001
0%
50 110010
0%
26 11010
0%
53 110101
0%
27 11011
0%
54 110110
0%
29 11101
0%
58 111010
0%
59 111011
0%
30 11110
0%
61 111101
0%
31 11111
0%
Nenhum quiz correspondente encontrado
Distribuição das Pontuações
Porcentagem de Pessoas com Cada Pontuação
Percentil de Números Respondidos
Sua Pontuação Histórica
Você não jogou esse quiz